000 00606nam a2200217Ia 4500
005 20250508164542.0
008 008 250505s9999 xx 000 0 eng d
037 _aTextual
040 _aFEDL
_beng
_cFEDL
041 _aeng
_2eng
084 _a370.78, HOP
_qFEDL
100 _aHopkins David
245 0 _aTeacher's guide to classroom research
250 _a2nd
260 _aBuckingham, UK
_bOpen University Press
_c1993
300 _axiv,238p.
546 _aMACESE
650 _aClassroom management research
_9778421
942 _cTEXL
_h370.78, HOP
999 _c1389754
_d1389754